دیللی کے سچولوں میں اردو نصاب کے مسائل (Record no. 108807)

MARC details
000 -LEADER
fixed length control field 00896nam a22002537a 4500
005 - DATE AND TIME OF LATEST TRANSACTION
control field 20170123162345.0
010 ## - LIBRARY OF CONGRESS CONTROL NUMBER
LC control number A-304630
020 ## - INTERNATIONAL STANDARD BOOK NUMBER
Terms of availability 23.00
035 ## - SYSTEM CONTROL NUMBER
System control number A-304630
037 ## - SOURCE OF ACQUISITION
Source of stock number/acquisition Cen Lib/Ret
040 ## - CATALOGING SOURCE
Original cataloging agency DPL
Language of cataloging UR
082 ## - DEWEY DECIMAL CLASSIFICATION NUMBER
Classification number 480.4
Item number ق د و
100 ## - MAIN ENTRY--PERSONAL NAME
Personal name قدوآیی، صدیق الرحمان
9 (RLIN) 111023
245 ## - TITLE STATEMENT
Title دیللی کے سچولوں میں اردو نصاب کے مسائل
Statement of responsibility, etc صدیق الرحمان قدوآیی
246 ## - VARYING FORM OF TITLE
Title proper/short title Dilli ke schoolon mein urdu nisab ke masail /
Remainder of title by Sadiq-Ur-Rahman Qidwai
260 ## - PUBLICATION, DISTRIBUTION, ETC. (IMPRINT)
Place of publication, distribution, etc دہلی
Name of publisher, distributor, etc اردو اکادمی
Date of publication, distribution, etc 1987
270 ## - ADDRESS
Address اردو بازار
City دہلی
Postal code 110006
300 ## - PHYSICAL DESCRIPTION
Extent 187p.
Dimensions 21cm(Hb)
650 ## - SUBJECT ADDED ENTRY--TOPICAL TERM
Topical term or geographic name as entry element اردو زبان
9 (RLIN) 130308
650 ## - SUBJECT ADDED ENTRY--TOPICAL TERM
Topical term or geographic name as entry element اردو مضامین
9 (RLIN) 130309
650 ## - SUBJECT ADDED ENTRY--TOPICAL TERM
Topical term or geographic name as entry element Urdu language
9 (RLIN) 130310
650 ## - SUBJECT ADDED ENTRY--TOPICAL TERM
Topical term or geographic name as entry element Urdu Articles
9 (RLIN) 130311
942 ## - ADDED ENTRY ELEMENTS (KOHA)
Source of classification or shelving scheme Dewey Decimal Classification
Koha item type Urdu Bks
Classification part 480.4
Call number suffix ق د و
Holdings
Withdrawn status Lost status Damaged status Not for loan Home library Current library Date acquired Source of acquisition Cost, normal purchase price Total Checkouts Full call number Barcode Date last seen Copy number Cost, replacement price Price effective from Koha item type
        Central Library Central Library 04/02/2016 Cen Lib/Ret 23.00   480.4 ق د و A-304630 04/02/2016 1 23.00 04/02/2016 Urdu Bks

© Delhi Public Library
Hit Counter
free hit counter